Momentum, heat, and mass transfer
Պահպանված է:
| Հիմնական հեղինակներ: | , |
|---|---|
| Ձևաչափ: | Գիրք |
| Լեզու: | անգլերեն |
| Հրապարակվել է: |
Nueva York
McGraw-Hill
1962
|
| Շարք: | Chemical Engineering Series
|
| Խորագրեր: | |
| Ցուցիչներ: |
Ավելացրեք ցուցիչ
Չկան պիտակներ, Եղեք առաջինը, ով նշում է այս գրառումը!
|
MARC
| LEADER | 00000nam a2200000 a 4500 | ||
|---|---|---|---|
| 001 | UCP0911 | ||
| 003 | CL-VaPUC | ||
| 008 | 990319e19620000US |||||||||||||||||eng|d | ||
| 082 | 0 | 4 | |a 530.475 |b BEN |2 21 |
| 100 | 0 | |a Bennett, Carroll O |e author |9 426573 | |
| 700 | 0 | |a Myers, John Earle |e author |9 426574 | |
| 245 | 1 | 0 | |a Momentum, heat, and mass transfer |
| 300 | |a 697 p | ||
| 942 | |c BK | ||
| 945 | |d 19990319 00:00:00 |a lriquelm | ||
| 260 | |a Nueva York |b McGraw-Hill |c 1962 | ||
| 650 | 0 | |a Transmisión de calor |9 259410 | |
| 650 | 0 | |a Calor específico |9 259409 | |
| 650 | 0 | |a Mecánica de fluidos |9 259464 | |
| 650 | 0 | |a Termodinámica |9 259320 | |
| 583 | |a last modification |c 19990319 00:00:00 |k Rodrigo Vera | ||
| 490 | 0 | |a Chemical Engineering Series | |
| 999 | |c 279645 |d 279643 | ||